Травмы органа зрения. [Т. 1 (Запись № 8987311)
[ простой вид ]
| 000 -МАРКЕР | |
|---|---|
| контрольное поле | 00897nam2a22002531 4500 |
| 001 - ИДЕНТИФИКАТОР ЗАПИСИ | |
| контрольное поле | rc\4937244 |
| 005 - ИДЕНТИФИКАТОР ВЕРСИИ | |
| контрольное поле | 20130426160658.7 |
| 035 ## - ДРУГИЕ СИСТЕМНЫЕ НОМЕРА | |
| Идентификатор записи | (NLR Aleph) 008948367 |
| 100 ## - ДАННЫЕ ОБЩЕЙ ОБРАБОТКИ | |
| Данные общей обработки | 20130426d1968 |||y0rusy50 ca |
| 101 0# - ЯЗЫК РЕСУРСА | |
| Язык текста, звукозаписи и т.д. | русский |
| 102 ## - СТРАНА ПУБЛИКАЦИИ ИЛИ ПРОИЗВОДСТВА | |
| Страна публикации | Российская Федерация |
| 105 ## - ПОЛЕ КОДИРОВАННЫХ ДАННЫХ: ТЕКСТОВЫЕ МАТЕРИАЛЫ, МОНОГРАФИЧЕСКИЕ | |
| Кодированные данные о монографическом текстовом документе | a z ||||| |
| 200 0# - ЗАГЛАВИЕ И СВЕДЕНИЯ ОБ ОТВЕТСТВЕННОСТИ | |
| Основное заглавие | [Т. 1 |
| Первые сведения об ответственности | Отв. ред. проф. М.Б. Чутко] |
| 210 ## - ПУБЛИКАЦИЯ, РАСПРОСТРАНЕНИЕ И ДР. | |
| Дата издания, распространения и т.д. | 1968 |
| 215 ## - ФИЗИЧЕСКАЯ ХАРАКТЕРИСТИКА | |
| Специфическое обозначение материала и объем | 180 с. |
| Другие сведения о физической характеристике | ил. |
| 225 1# - СЕРИЯ | |
| Основное заглавие серии | ... |
| Сведения об ответственности | ... |
| Обозначение тома | Вып. 64 |
| 461 #0 - УРОВЕНЬ НАБОРА | |
| Встроенное поле | 001rc\4937243 |
| -- | 2001#$aТравмы органа зрения$e[Сборник статей$eТ. 1]-$v[Т. 1 |
| Системный номер (АБИС) связанной записи | 8987307 |
| Место публикации | Ленинград |
| Дата публикации | 1968- |
| Имя издателя, распространителя и т.д. | Б. и. |
| Сведения, относящиеся к заглавию | [Сборник статей : Т. 1]- |
| Заглавие | Травмы органа зрения |
| Номер тома | [Т. 1 |
| 702 #1 - ИМЯ ЛИЦА - ВТОРИЧНАЯ ОТВЕТСТВЕННОСТЬ | |
| Начальный элемент ввода | Чутко |
| Часть имени, кроме начального элемента ввода | М. Б. |
| Расширение инициалов личного имени | Михаил Борисович |
| Код отношения | Редактор |
| 801 #0 - ИСТОЧНИК ЗАПИСИ | |
| Страна | Российская Федерация |
| Организация | NLR |
| Правила каталогизации | psbo |
| 801 #1 - ИСТОЧНИК ЗАПИСИ | |
| Страна | Российская Федерация |
| Организация | ELAR |
| Источник данных | rusmarc |
| 852 ## - МЕСТОНАХОЖДЕНИЕ И ШИФР ХРАНЕНИЯ | |
| Идентификатор организации | NLR |
| Шифр хранения (Call Number) | П16/682 |
| 942 ## - ДОПОЛНИТЕЛЬНЫЕ ЭЛЕМЕНТЫ ЗАПИСИ (АБИС) | |
| Тип экземпляра АБИС | Книга |
| 980 ## - КОЛЛЕКЦИЯ | |
| Название коллекции | Национальная библиография |
| Тип экземпляра | Дата поступления | Библиотека постоянного хранения | Библиотека текущего хранения | Место хранения | Шифр хранения | Штрих-код | Статус экземпляра |
|---|---|---|---|---|---|---|---|
| Книга | 26.10.2013 | РНБ (Московский) | РНБ (Московский) | Русский журнальный фонд | П16/682 | 8948367-10 |